000
00321nam a22001457a 4500
003
OSt
020
_a
NA
040
_c
0
082
_2
22
_a
627
100
_a
Wurbs, Ralph A. and James, Wesley P.
245
_a
Water resources engineering /
260
_b
Prentice Hall,
_c
c2002.
300
_a
0
_b
ill. ;
942
_2
ddc
_c
CIVIL
999
_c
4485
_d
4485